000 03612nam a22012017a 4500
003 PE-LiUPU
005 20250813185658.0
008 230926b |||||||| |||| 00| 0 spa d
020 _a9789972044304
040 _bspa
_cPE-LiUPU
_dPE-LiUPU
_erda
082 _223
_a348.56
_bV325d
100 1 0 _aVarsi Rospigliosi, Enrique,
_d1964-
_eautor.
_92727
245 1 0 _aDerecho genético :
_bprincipios generales /
_cEnrique Varsi Rospigliosi ; con la colaboración de Yovar Osven Rodríguez Ávalos ; [prólogo, Salvador Darío Bergel].
250 _aQuinta edición.
264 _aLima :
_bGrijley,
_c2013.
300 _a1163 páginas ;
_c25 centímetros.
504 _aBibliografía: p. 1127-1150.
505 _aFUENTES, ESTRUCTURA Y FUNDAMENTOS DEL DERECHO GENÉTICO -- Bioética -- Fundamentos básicos del Derecho Genético -- PERSONA, GENÉTICA Y DERECHO -- Individualidad biogenética -- Integridad genética -- Identidad genética e investigación biológica de la paternidad -- Intimidad genética -- Procreación asistida -- SOCIOECONOMÍA, GENÉTICA Y LEY -- Fundamentos económicos y sociales del desarrollo de la genética y su influencia sobre el ser humano -- Derecho genético en el Perú -- El derecho penal y la genética .los delitos biogenéticos.
526 _aP202
526 _aP201
526 _aP163
526 _aP162
526 _aP161
526 _aP160
526 _aP148
526 _aP147
526 _aP146
526 _aP145
526 _aP144
526 _aP143
526 _aP142
526 _aP141
526 _aP140
526 _aP139
526 _aP138
526 _aP137
526 _aP136
526 _aP135
526 _aP134
526 _aP133
526 _aP129
526 _aP128
526 _aP127
526 _aP120
526 _aP119
526 _aP118
526 _aP116
526 _aP115
526 _aP114
526 _aP110
526 _aP109
526 _aP108
526 _aP104
526 _aP103
526 _aP102
526 _aP99
526 _aP98
526 _aP97
526 _aP96
526 _aP95
526 _aP93
526 _aP90
526 _aP89
526 _aP88
526 _aP83
526 _aP82
526 _aP62
526 _aP59
526 _aP58
526 _aP57
526 _aP51
526 _aP49
526 _aP48
526 _aP47
526 _aP29
526 _aP24
526 _aP20
526 _aP19
526 _aP17
526 _aP15
526 _aP14
526 _aP12
526 _aP10
526 _aP09
526 _aP08
526 _aP07
526 _aP06
526 _aP05
526 _aP04
526 _aP01
556 _a10444184961 E001-106
_z9789972044304
650 1 8 _aGenética humana
_xAspectos legales
_zPerú.
_92728
650 2 8 _aGenética médica
_xAspectos legales
_zPerú.
_92729
650 2 8 _aLibertad de reproducción humana
_xAspectos legales.
_92730
650 2 8 _aTecnología en la reproducción humana
_xAspectos legales.
_92731
650 2 8 _aMaternidad subrogada
_xAspectos legales.
_92732
650 2 8 _aDerecho genético
_zPerú.
_92733
700 _aRodríguez Ávalos, Yovar Osven,
_ecolaborador.
_92734
700 _aBergel, Salvador Darío,
_eprologuista.
_92735
942 _2ddc
_cBK
_n0
980 _618226
_aJaime Vilcazán Jefe de Análisis Documental
_81
_gALBERTO SANCHEZ Responsable de Automatización
999 _c62012
_d62012